000 nam a22 7a 4500
999 _c9467
_d9467
008 180131b ||||| |||| 00| 0 eng d
100 _aGoel A P
_95670
245 _aScience : Lab manual-X
260 _aNew Delhi
_bRachna Sagar Publication
_c2008